|
|
|
|
| LEADER |
03062nam a22004695i 4500 |
| 001 |
978-3-319-04822-2 |
| 003 |
DE-He213 |
| 005 |
20151204191735.0 |
| 007 |
cr nn 008mamaa |
| 008 |
140305s2014 gw | s |||| 0|eng d |
| 020 |
|
|
|a 9783319048222
|9 978-3-319-04822-2
|
| 024 |
7 |
|
|a 10.1007/978-3-319-04822-2
|2 doi
|
| 040 |
|
|
|d GrThAP
|
| 050 |
|
4 |
|a TK5105.5-5105.9
|
| 072 |
|
7 |
|a UKN
|2 bicssc
|
| 072 |
|
7 |
|a COM075000
|2 bisacsh
|
| 082 |
0 |
4 |
|a 004.6
|2 23
|
| 100 |
1 |
|
|a Ngo, Duy Trong.
|e author.
|
| 245 |
1 |
0 |
|a Architectures of Small-Cell Networks and Interference Management
|h [electronic resource] /
|c by Duy Trong Ngo, Tho Le-Ngoc.
|
| 264 |
|
1 |
|a Cham :
|b Springer International Publishing :
|b Imprint: Springer,
|c 2014.
|
| 300 |
|
|
|a XII, 121 p. 39 illus.
|b online resource.
|
| 336 |
|
|
|a text
|b txt
|2 rdacontent
|
| 337 |
|
|
|a computer
|b c
|2 rdamedia
|
| 338 |
|
|
|a online resource
|b cr
|2 rdacarrier
|
| 347 |
|
|
|a text file
|b PDF
|2 rda
|
| 490 |
1 |
|
|a SpringerBriefs in Computer Science,
|x 2191-5768
|
| 505 |
0 |
|
|a Dense Small-Cell Networks: Motivations and Issues -- Architectures and Interference Management for Small-Cell Networks -- Distributed Interference Management in Heterogeneous CDMA Small-Cell Networks -- Distributed Pareto-Optimal Power Control in Heterogeneous CDMA Small-Cell Networks -- Joint Power and Subchannel Allocation in Heterogeneous OFDMA Small-Cell Networks -- Distributed Resource Allocation in OFDMA Cognitive Small-Cell Networks.
|
| 520 |
|
|
|a This Springer Brief presents the architectures of small-cell networks and recent advances in interference management. The key challenges and values of small cells are first introduced, followed by the reviews of various small-cell architectures and interference management techniques in both heterogeneous CDMA and heterogeneous OFDMA small-cell networks. New adaptive power control and dynamic spectrum access techniques are discussed to promote a harmonized coexistence of diverse network entities in both 3G and 4G small-cell networks. Analytically devised from optimization and game theories, autonomous solutions are shown to effectively manage the intra-tier and cross-tier interferences in small cells. Informative and practical, this Springer Brief is designed for researchers and professionals working in networking and resource management. The content is also valuable for advanced-level students interested in network communications and power allocation.
|
| 650 |
|
0 |
|a Computer science.
|
| 650 |
|
0 |
|a Computer communication systems.
|
| 650 |
|
0 |
|a Electrical engineering.
|
| 650 |
1 |
4 |
|a Computer Science.
|
| 650 |
2 |
4 |
|a Computer Communication Networks.
|
| 650 |
2 |
4 |
|a Communications Engineering, Networks.
|
| 700 |
1 |
|
|a Le-Ngoc, Tho.
|e author.
|
| 710 |
2 |
|
|a SpringerLink (Online service)
|
| 773 |
0 |
|
|t Springer eBooks
|
| 776 |
0 |
8 |
|i Printed edition:
|z 9783319048215
|
| 830 |
|
0 |
|a SpringerBriefs in Computer Science,
|x 2191-5768
|
| 856 |
4 |
0 |
|u http://dx.doi.org/10.1007/978-3-319-04822-2
|z Full Text via HEAL-Link
|
| 912 |
|
|
|a ZDB-2-SCS
|
| 950 |
|
|
|a Computer Science (Springer-11645)
|